000 00346nam a22001337a 4500
020 _qPB.
040 _cFIZZA ISHAQ
082 _a620
_bHAM
100 _aHambley, Allan R.
_957110
245 _a Engineering /
_cAllan R. Hambley.
260 _aNew York:
_bPearson Education,
_c2013.
300 _a900 P. ;
_c11 x 8 x 1.3 inches,
942 _2ddc
_cBK
999 _c617229
_d617229